Consumo de música clásica: ¿distinción o diferenciación social? aproximación sociológica al público de la temporada oficial 2006 de la Orquesta Sinfónica Nacional /

Guardado en:
Bibliografiske detaljer
Hovedforfatter: Toledo Ramírez, Sandra D.
Format: Texto
Tags: Tilføj Tag
Ingen Tags, Vær først til at tagge denne postø!

MARC

LEADER 00000 a a2200000 04500
001 43066
003
040
100 |a Toledo Ramírez, Sandra D.  
245 |a Consumo de música clásica:   |b ¿distinción o diferenciación social? aproximación sociológica al público de la temporada oficial 2006 de la Orquesta Sinfónica Nacional /  |c Sandra D. Toledo Ramírez  
773 |g número3 ( , 2008), sin paginar  
999 |c 30354  |d 30354